[Event "Mechanics' Summer TNM; 30/90, SD/30"]
[Site "San Francisco"]
[Date "2009.07.14"]
[Round "8.6"]
[White "Grey, Peter"]
[Black "Jones, James"]
[Result "0-1"]
[WhiteElo "2000"]
[BlackElo "2030"]
[PlyCount "66"]
[EventDate "2009.??.??"]

1. Nf3 g6 2. c4 Nf6 3. d4 c5 4. g3 Bg7 5. Bg2 Nc6 6. O-O O-O 7. Nc3 d6 8. dxc5
dxc5 9. Be3 Be6 10. Bxc5 Qa5 11. b4 Nxb4 12. Bxe7 Rfe8 13. Bxb4 Qxb4 14. Nd5
Qxc4 15. Nd2 Qd4 16. Nc7 Rad8 17. Nxe8 Nxe8 18. Nf3 Qb6 19. Qa4 Bxa1 20. Rxa1
Nf6 21. e3 Qb2 22. Rd1 Rxd1+ 23. Qxd1 Bxa2 24. Nd2 a5 25. Ne4 Nxe4 26. Bxe4 Kg7
27. h4 b5 28. h5 Qe5 29. hxg6 hxg6 30. Bc6 Bc4 31. e4 a4 32. Bd5 a3 33. Bxc4
bxc4 0-1

[Event "Mechanics' Winter TNM; 30/90, SD/30"]
[Site "San Francisco"]
[Date "2009.01.20"]
[Round "3.6"]
[White "Grey, Peter"]
[Black "Manvelyan, Hayk"]
[Result "0-1"]
[WhiteElo "2000"]
[BlackElo "1969"]
[PlyCount "58"]
[EventDate "2009.??.??"]

1. Nf3 e6 2. g3 Nf6 3. Bg2 d5 4. d4 Bd6 5. c4 c6 6. O-O O-O 7. b3 b6 8. Nbd2
Nbd7 9. Bb2 Bb7 10. Qc2 Rc8 11. e4 Nxe4 12. Nxe4 dxe4 13. Qxe4 Nf6 14. Qe2 c5
15. Rad1 cxd4 16. Nxd4 Bxg2 17. Kxg2 Qe7 18. Qf3 Bc5 19. Nc6 Qb7 20. Ne5 Qxf3+
21. Kxf3 Rfd8 22. Nc6 Rxd1 23. Rxd1 Rxc6 24. Rd8+ Bf8 25. Ba3 Nd7 26. Rxd7 Bxa3
27. Rxa7 Bc5 28. Ra8+ Bf8 29. Rb8 g6 0-1

[Event "Mechanics' Wilkerson Mem TNM; 30/90, SD"]
[Site "San Francisco"]
[Date "2009.08.04"]
[Round "2"]
[White "Grey, Peter"]
[Black "Newey, Richard"]
[Result "1-0"]
[WhiteElo "2012"]
[BlackElo "1692"]
[PlyCount "39"]
[EventDate "2009.??.??"]

1. e4 d5 2. exd5 Nf6 3. d4 Nxd5 4. Nf3 g6 5. c4 Nf6 6. Nc3 Bg7 7. Be2 O-O 8.
O-O b6 9. Ne5 Bb7 10. Bf3 Bxf3 11. Qxf3 Na6 12. Nc6 Qd7 13. b4 Nxb4 14. Nxb4
Qxd4 15. Nc6 Qxc4 16. Ba3 Ne4 17. Nxe7+ Kh8 18. Nxe4 Bxa1 19. Rxa1 Qd4 20. Rb1
1-0

[Event "Mechanics' Winter TNM; 30/90, SD/30"]
[Site "San Francisco"]
[Date "2009.02.10"]
[Round "6.14"]
[White "Grey, Peter"]
[Black "Newey, Richard"]
[Result "1/2-1/2"]
[WhiteElo "2000"]
[BlackElo "1690"]
[PlyCount "109"]
[EventDate "2009.??.??"]

1. e4 c5 2. Nf3 e6 3. d4 cxd4 4. Nxd4 a6 5. Nc3 Qc7 6. Be2 Bb4 7. Qd3 Nf6 8.
Bd2 Bxc3 9. Bxc3 d5 10. exd5 Nxd5 11. Bd2 Bd7 12. O-O Nc6 13. Nxc6 Bxc6 14. Bf3
Rc8 15. Qd4 O-O 16. c4 e5 17. Qh4 Nf4 18. Bxc6 Qxc6 19. Bxf4 exf4 20. b3 f3 21.
Qg3 fxg2 22. Qxg2 Qb6 23. Rfe1 Rc6 24. Re3 Rg6 25. Rg3 Rxg3 26. hxg3 Re8 27.
Qf3 h6 28. Rd1 Qc7 29. Qd5 Re7 30. Qd8+ Qxd8 31. Rxd8+ Kh7 32. Kg2 Kg6 33. Kf3
Kf6 34. b4 g6 35. g4 Re1 36. Rd7 Re7 37. Rd1 Ke5 38. c5 Kf6 39. a4 Re6 40. b5
axb5 41. axb5 Ke7 42. c6 bxc6 43. b6 Kf6 44. b7 Re8 45. Rd6+ Ke5 46. Rxc6 Rb8
47. Rc7 f5 48. Rc6 fxg4+ 49. Kxg4 Rxb7 50. f4+ Ke4 51. Re6+ Kd5 52. Rxg6 Rh7
53. Kh5 Ke4 54. Rf6 Rh8 55. Rxh6 1/2-1/2

[Event "Mechanics' Spring TNM; 30/90, SD/30"]
[Site "San Francisco"]
[Date "2009.03.31"]
[Round "3.10"]
[White "Grey, Peter"]
[Black "Rettenmaier, Robert"]
[Result "1-0"]
[WhiteElo "2000"]
[BlackElo "1462"]
[PlyCount "85"]
[EventDate "2009.??.??"]

1. e4 c5 2. Nf3 g6 3. d4 cxd4 4. Nxd4 Nc6 5. Nc3 Bg7 6. Be3 Nf6 7. Bc4 O-O 8.
Bb3 a5 9. O-O Ng4 10. Qxg4 Nxd4 11. Qd1 Nxb3 12. axb3 d6 13. Qd2 Re8 14. Nd5
Ra6 15. b4 Bxb2 16. Ra2 Bg7 17. b5 Ra8 18. Bb6 Qd7 19. Nc7 Rb8 20. Qxa5 Qg4 21.
Nxe8 Be6 22. Nxg7 Bxa2 23. Qxa2 Kxg7 24. f3 Qg5 25. Qc4 Ra8 26. f4 Qg4 27. h3
Qd7 28. Qd4+ Kg8 29. c4 e6 30. e5 d5 31. cxd5 Qxd5 32. Qxd5 exd5 33. Rd1 Ra4
34. Be3 Re4 35. Kf2 g5 36. g3 gxf4 37. gxf4 d4 38. Rxd4 Rxd4 39. Bxd4 h5 40.
Kf3 Kh7 41. f5 Kg8 42. Kf4 Kh7 43. Kg5 1-0

[Event "Mechanics' Winter TNM; 30/90, SD/30"]
[Site "San Francisco"]
[Date "2009.02.24"]
[Round "8.10"]
[White "Grey, Peter"]
[Black "Royzen, Igor"]
[Result "1/2-1/2"]
[WhiteElo "2000"]
[BlackElo "1715"]
[PlyCount "63"]
[EventDate "2009.??.??"]

1. Nf3 d5 2. d4 Nf6 3. c4 c6 4. e3 Bf5 5. Nc3 e6 6. Nh4 Bg4 7. Qb3 Qb6 8. f3
Bh5 9. g4 Bg6 10. Bd2 Nbd7 11. O-O-O O-O-O 12. Be2 Be7 13. c5 Qc7 14. Be1 e5
15. Bg3 Qa5 16. Nxg6 hxg6 17. Qa4 Qxa4 18. Nxa4 exd4 19. exd4 Rde8 20. Nc3 Bd8
21. b4 Bc7 22. b5 Bxg3 23. hxg3 Kc7 24. Kd2 Reg8 25. a4 Nf8 26. Kd3 Ne6 27. f4
Re8 28. Bf3 g5 29. f5 Nd8 30. Rde1 Rxe1 31. Rxe1 Kd7 32. Re3 1/2-1/2

[Event "Mechanics' Spring TNM; 30/90, SD/30"]
[Site "San Francisco"]
[Date "2009.04.14"]
[Round "5.5"]
[White "Grey, Peter"]
[Black "Sanguinetti, George"]
[Result "1-0"]
[WhiteElo "2000"]
[BlackElo "2010"]
[PlyCount "91"]
[EventDate "2009.??.??"]

1. e4 c5 2. Nf3 d6 3. d4 cxd4 4. Nxd4 Nf6 5. Nc3 g6 6. Be3 Nc6 7. f3 a6 8. Qd2
h5 9. Bc4 Nd7 10. O-O-O Nde5 11. Bb3 Na5 12. Nde2 Nec4 13. Bxc4 Nxc4 14. Qd4
Nxe3 15. Qxh8 Nxd1 16. Rxd1 Qa5 17. Rd5 Qb6 18. Qd4 Qxd4 19. Rxd4 Bd7 20. Nd5
Rc8 21. Nb6 Rc6 22. Nxd7 Kxd7 23. Rb4 Rc7 24. Kd2 e6 25. Rb3 Bg7 26. Kd3 b5 27.
a4 bxa4 28. Rb4 Rc6 29. c3 a3 30. bxa3 e5 31. c4 Bf8 32. Nc3 Rc7 33. Nd5 Ra7
34. a4 Be7 35. Nxe7 Kxe7 36. a5 Rc7 37. Rb6 f5 38. Rxa6 fxe4+ 39. fxe4 Kd7 40.
Rb6 g5 41. a6 Ra7 42. c5 dxc5 43. Rb7+ Rxb7 44. axb7 Kc7 45. Kc4 Kxb7 46. Kxc5
1-0

[Event "Mechanics' Wilkerson Mem TNM; 30/90, SD"]
[Site "San Francisco"]
[Date "2009.08.25"]
[Round "4.4"]
[White "Grey, Peter"]
[Black "Shakhnazarov, Oleg"]
[Result "0-1"]
[WhiteElo "2012"]
[BlackElo "2194"]
[PlyCount "80"]
[EventDate "2009.??.??"]

1. Nf3 e6 2. g3 Be7 3. Bg2 g5 4. h3 h5 5. d4 h4 6. g4 Nh6 7. Qd2 Rg8 8. Qd3 Rg7
9. e4 d6 10. Nc3 b6 11. Be3 a5 12. a3 Nd7 13. Qe2 Ba6 14. Qd2 b5 15. Ne2 Nb6
16. b3 a4 17. Nc1 d5 18. e5 f5 19. exf6 Bxf6 20. Ne5 Bxe5 21. dxe5 Nf7 22. Bxb6
cxb6 23. O-O Qc7 24. Re1 Rc8 25. Nd3 Nd8 26. Nb4 Bb7 27. Bf1 Kf8 28. Bxb5 Qc3
29. Qxc3 Rxc3 30. Bxa4 Rxh3 31. Kg2 Rc3 32. Kg1 Rf7 33. Nd3 Rxc2 34. Rac1 Ra2
35. Ra1 Rxa1 36. Rxa1 Ba6 37. Nb4 Be2 38. Nc6 Nxc6 39. Bxc6 Bxg4 40. b4 Rf4 0-1

[Event "Mechanics' Summer TNM; 30/90, SD/30"]
[Site "San Francisco"]
[Date "2009.06.09"]
[Round "3.2"]
[White "Grey, Peter"]
[Black "Shakhnazarov, Oleg"]
[Result "1/2-1/2"]
[WhiteElo "2000"]
[BlackElo "2184"]
[PlyCount "53"]
[EventDate "2009.??.??"]

1. Nf3 e6 2. g3 d5 3. Bg2 Be7 4. d4 Nf6 5. c4 dxc4 6. Qa4+ Bd7 7. Qxc4 Bc6 8.
Nc3 a6 9. Qd3 b5 10. a3 Nbd7 11. O-O O-O 12. Rd1 Qc8 13. e4 Rd8 14. Qe2 Nb6 15.
Ne5 Be8 16. Be3 c5 17. dxc5 Rxd1+ 18. Rxd1 Bxc5 19. Bxc5 Qxc5 20. Nd3 Qc4 21.
e5 Nfd5 22. Ne4 Rd8 23. Nd6 Qa2 24. Nc1 Qa1 25. Nb3 Qa2 26. Nc1 Qa1 27. Nb3
1/2-1/2

[Event "Mechanics' Summer TNM; 30/90, SD/30"]
[Site "San Francisco"]
[Date "2009.06.16"]
[Round "4.6"]
[White "Grey, Peter"]
[Black "Smelansky, Vadim"]
[Result "1-0"]
[WhiteElo "2000"]
[BlackElo "1797"]
[PlyCount "103"]
[EventDate "2009.??.??"]

1. Nf3 d5 2. d4 Nf6 3. c4 c6 4. Nc3 e6 5. e3 a6 6. b3 b5 7. Qc2 g6 8. Be2 b4 9.
Na4 Be7 10. O-O O-O 11. a3 a5 12. axb4 Bxb4 13. Ne5 Bd6 14. f4 Ne4 15. Nc3 Nxc3
16. Qxc3 Bb4 17. Qc2 Ba6 18. Nd3 Bd6 19. Bd2 Bc7 20. Nc5 Bc8 21. b4 Nd7 22.
Nxd7 Bxd7 23. bxa5 Bxa5 24. Bxa5 Rxa5 25. Qc3 Ra8 26. Rxa8 Qxa8 27. Ra1 Qb7 28.
c5 Rb8 29. Kf2 h6 30. Ra6 Qc7 31. Qa5 Qc8 32. Ra7 Kf8 33. Ba6 Qd8 34. Qxd8+
Rxd8 35. Rc7 Be8 36. g4 f6 37. Bc8 e5 38. fxe5 fxe5 39. dxe5 d4 40. exd4 Rxd4
41. e6 Rd5 42. Bd7 Rxc5 43. Rc8 Rc2+ 44. Ke3 Rc3+ 45. Kf4 Ke7 46. Rxe8+ Kd6 47.
Rf8 Rh3 48. Rf6 g5+ 49. Kf5 Rxh2 50. Kg6 c5 51. Kf7 Re2 52. Bb5 1-0

[Event "Mechanics' Summer TNM; 30/90, SD/30"]
[Site "San Francisco"]
[Date "2009.06.30"]
[Round "6.5"]
[White "Grey, Peter"]
[Black "Snyder, Larry"]
[Result "1/2-1/2"]
[WhiteElo "2000"]
[BlackElo "2091"]
[PlyCount "100"]
[EventDate "2009.??.??"]

1. d4 Nf6 2. c4 g6 3. Nc3 d5 4. Nf3 Bg7 5. e3 O-O 6. b4 c6 7. Bb2 Nbd7 8. Qb3
dxc4 9. Bxc4 Nb6 10. Be2 Be6 11. Qc2 Bc4 12. O-O e6 13. Ne5 Bxe2 14. Qxe2 Nfd5
15. Nxd5 Nxd5 16. Nd3 Qe7 17. a4 Rfc8 18. Ba3 Qd8 19. Rac1 Bf8 20. Qb2 Bd6 21.
b5 cxb5 22. Bxd6 Qxd6 23. axb5 Qe7 24. Rxc8+ Rxc8 25. Rc1 Rxc1+ 26. Qxc1 Qc7
27. Qc5 Qxc5 28. dxc5 Nc7 29. b6 axb6 30. cxb6 Na6 31. Kf1 Kf8 32. Ke2 Ke7 33.
Ne5 f6 34. Nc4 Kd7 35. Na5 Nc5 36. f3 Kd6 37. e4 g5 38. g4 f5 39. exf5 exf5 40.
gxf5 Ke5 41. Ke3 Kxf5 42. h3 h5 43. Nc4 Nd7 44. Nd6+ Ke5 45. Nxb7 Nxb6 46. Nc5
Nd5+ 47. Kf2 Nf4 48. Kg3 Ng6 49. Ne4 Kf5 50. Nd6+ Ke6 1/2-1/2

[Event "Mechanics' Fall TNM; 30/90, SD/30"]
[Site "San Francisco"]
[Date "2009.11.17"]
[Round "5.10"]
[White "Grey, Peter"]
[Black "Stipins, Janis"]
[Result "1-0"]
[WhiteElo "2007"]
[BlackElo "1511"]
[PlyCount "33"]
[EventDate "2009.??.??"]

1. Nf3 c5 2. e4 d6 3. d4 cxd4 4. Nxd4 Nf6 5. Nc3 Nc6 6. Bg5 Qb6 7. Nb3 Ng4 8.
Qd2 e6 9. h3 Nf6 10. O-O-O a6 11. f4 Be7 12. g4 Qc7 13. Bg2 b5 14. e5 dxe5 15.
fxe5 b4 16. exf6 bxc3 17. Qxc3 1-0

[Event "Mechanics' Wilkerson Mem TNM; 30/90, SD"]
[Site "San Francisco"]
[Date "2009.09.22"]
[Round "8.2"]
[White "Grey, Peter"]
[Black "Wong, Russell"]
[Result "1/2-1/2"]
[WhiteElo "2012"]
[BlackElo "2200"]
[PlyCount "61"]
[EventDate "2009.??.??"]

1. e4 Nf6 2. e5 Nd5 3. g3 d6 4. exd6 Qxd6 5. Bg2 e5 6. Ne2 Nc6 7. Nbc3 Be6 8.
d4 exd4 9. Nxd4 Nxd4 10. Qxd4 Nb4 11. Qxd6 Bxd6 12. Bxb7 Nxc2+ 13. Kd1 Nxa1 14.
Bxa8 O-O 15. Be4 Be5 16. Ke2 Rb8 17. Rd1 Bxc3 18. bxc3 f5 19. Bd5 Kf7 20. Bxe6+
Kxe6 21. Bf4 Nc2 22. Bxc7 Rc8 23. Ba5 Rc5 24. Bb4 Nxb4 25. cxb4 Rc4 26. a3 Rc3
27. Rd3 Rc2+ 28. Ke3 g5 29. h4 gxh4 30. gxh4 Rc4 31. Rd4 1/2-1/2

[Event "Mechanics' Spring TNM; 30/90, SD/30"]
[Site "San Francisco"]
[Date "2009.04.21"]
[Round "6.2"]
[White "Grey, Peter"]
[Black "Wong, Russell"]
[Result "1-0"]
[WhiteElo "2000"]
[BlackElo "2200"]
[PlyCount "33"]
[EventDate "2009.??.??"]

1. Nf3 g6 2. d4 Bg7 3. e4 d6 4. Bc4 Nf6 5. Qe2 O-O 6. O-O e6 7. Nc3 a6 8. e5
Nfd7 9. Bg5 Qe8 10. exd6 cxd6 11. Ne4 Nb6 12. Nxd6 Qc6 13. Be7 Bd7 14. Bb3 Nd5
15. Bxf8 Bxf8 16. Nxf7 Kxf7 17. Ne5+ 1-0

[Event "Mechanics' Summer TNM; 30/90, SD/30"]
[Site "San Francisco"]
[Date "2009.07.14"]
[Round "8.20"]
[White "Gurtovoy, Jason"]
[Black "Chan, John"]
[Result "0-1"]
[WhiteElo "1845"]
[BlackElo "1622"]
[PlyCount "88"]
[EventDate "2009.??.??"]

1. d4 Nf6 2. c4 d6 3. Nc3 c6 4. e4 h6 5. f4 Bg4 6. Nf3 Nbd7 7. Be2 Bxf3 8. Bxf3
e5 9. O-O Be7 10. fxe5 dxe5 11. d5 Bc5+ 12. Kh1 Bd4 13. Ne2 c5 14. Rb1 a5 15.
Ng3 g6 16. Bg4 Nxg4 17. Qxg4 Qe7 18. Qf3 Ra6 19. Bd2 Rf6 20. Qb3 b6 21. Qb5 Kf8
22. Rxf6 Nxf6 23. h3 Kg7 24. Qb3 Bf2 25. Nf1 Nxe4 26. Qxb6 Bd4 27. Qb3 Qd6 28.
Bxa5 Nf2+ 29. Kh2 Rb8 30. Qc2 e4+ 31. g3 Nd3 32. Bc3 Qe5 33. Bxd4 Qxd4 34. b3
Rb6 35. Qe2 Rf6 36. Qe3 Qc3 37. Rd1 Rf2+ 38. Kg1 Rxa2 39. d6 Qf6 40. d7 Nf2 41.
Rd2 Nxh3+ 42. Kg2 Ra1 43. d8=Q Qxf1+ 44. Kh2 Qh1# 0-1

[Event "Mechanics' Summer TNM; 30/90, SD/30"]
[Site "San Francisco"]
[Date "2009.06.16"]
[Round "4.8"]
[White "Gurtovoy, Jason"]
[Black "Manvelyan, Hayk"]
[Result "1/2-1/2"]
[WhiteElo "1845"]
[BlackElo "2072"]
[PlyCount "69"]
[EventDate "2009.??.??"]

1. e4 e6 2. d4 d5 3. Nd2 c5 4. c3 cxd4 5. cxd4 dxe4 6. Nxe4 Bb4+ 7. Nc3 Nc6 8.
Nf3 Nf6 9. a3 Bd6 10. Bd3 h6 11. O-O O-O 12. Re1 b6 13. Be3 Bb7 14. Nb5 Bb8 15.
Rc1 a6 16. Nc3 Bd6 17. Qd2 Ng4 18. Ne4 Nxe3 19. Nxd6 Qxd6 20. fxe3 Rac8 21. Qf2
e5 22. Nd2 exd4 23. Nc4 Qc7 24. exd4 b5 25. Ne5 Qd6 26. Bf5 Rcd8 27. Be4 Na5
28. Bxb7 Nxb7 29. Rc6 Qxd4 30. Qxd4 Rxd4 31. Rxa6 Re8 32. Nf3 Rxe1+ 33. Nxe1
Nd6 34. Ra8+ Kh7 35. Rd8 1/2-1/2

[Event "Mechanics' Summer TNM; 30/90, SD/30"]
[Site "San Francisco"]
[Date "2009.06.30"]
[Round "6.15"]
[White "Gurtovoy, Jason"]
[Black "Oca, Homer"]
[Result "1/2-1/2"]
[WhiteElo "1845"]
[BlackElo "1685"]
[PlyCount "71"]
[EventDate "2009.??.??"]

1. e4 a6 2. Bc4 e6 3. d4 d5 4. exd5 exd5 5. Bd3 Bd6 6. Nf3 Ne7 7. Bg5 O-O 8.
Nc3 f6 9. Bh4 Bg4 10. h3 Bh5 11. g4 Bf7 12. Ne2 c5 13. dxc5 Bxc5 14. g5 fxg5
15. Nxg5 Ng6 16. Bxg6 Bxg6 17. Qd2 h6 18. Nf3 Qb6 19. Qxd5+ Bf7 20. Qd3 Nc6 21.
O-O Nb4 22. Qd2 Qg6+ 23. Bg3 Bd5 24. Nh4 Qe4 25. Kh2 g5 26. Nc3 Qxc2 27. Qxc2
Nxc2 28. Ng6 Bc4 29. Nxf8 Nxa1 30. Rxa1 Rxf8 31. Kg2 Bd4 32. a4 b5 33. axb5
axb5 34. Rd1 Bg7 35. Rd6 Ra8 36. Rb6 1/2-1/2

[Event "Mechanics' Wilkerson Mem TNM; 30/90, SD"]
[Site "San Francisco"]
[Date "2009.09.08"]
[Round "6.12"]
[White "Hack, Richard"]
[Black "Gray, William"]
[Result "0-1"]
[WhiteElo "1708"]
[BlackElo "2061"]
[PlyCount "72"]
[EventDate "2009.??.??"]

1. e4 c5 2. Nf3 d6 3. d4 cxd4 4. Nxd4 Nf6 5. Nc3 g6 6. Bc4 a6 7. Bb3 Bg7 8. Be3
O-O 9. Qd2 Ng4 10. Bg5 Nc6 11. Nxc6 bxc6 12. h3 Nf6 13. Bh6 a5 14. Bxg7 Kxg7
15. O-O-O a4 16. Bxa4 Nxe4 17. Qd4+ Nf6 18. Bxc6 Ra6 19. Bf3 Kg8 20. Rhe1 Be6
21. a3 Ra5 22. g4 Rc5 23. Ne4 Nxe4 24. Bxe4 Qc7 25. c3 Rb8 26. Re3 Qa5 27. Qd2
Rcb5 28. c4 Qc7 29. b3 Rxb3 30. Rxb3 Rxb3 31. Qc2 Rxa3 32. Qb2 Qxc4+ 33. Bc2
Ra2 34. Qb8+ Kg7 35. Qb1 Qf4+ 36. Rd2 Qe5 0-1

[Event "Mechanics' Wilkerson Mem TNM; 30/90, SD"]
[Site "San Francisco"]
[Date "2009.08.18"]
[Round "3.22"]
[White "Hack, Richard"]
[Black "Morgan, Jerry"]
[Result "1-0"]
[WhiteElo "1708"]
[BlackElo "1414"]
[PlyCount "47"]
[EventDate "2009.??.??"]

1. e4 c6 2. d4 d5 3. exd5 cxd5 4. Bd3 Nc6 5. c3 Qc7 6. Nf3 Bg4 7. h3 Bxf3 8.
Qxf3 Nxd4 9. Qxd5 Rd8 10. Qg5 Nf3+ 11. gxf3 Rxd3 12. Be3 Qd7 13. Nd2 Qa4 14.
Nb3 e6 15. Nd4 Ne7 16. Qf4 Qc4 17. Qb8+ Nc8 18. Qxb7 Rxc3 19. bxc3 Qxc3+ 20.
Ke2 Qc4+ 21. Kd1 Bb4 22. Qb5+ Qxb5 23. Nxb5 a6 24. Nc7+ 1-0

[Event "Mechanics' Wilkerson Mem TNM; 30/90, SD"]
[Site "San Francisco"]
[Date "2009.09.29"]
[Round "9.17"]
[White "Hack, Richard"]
[Black "Smith, Andrew"]
[Result "0-1"]
[WhiteElo "1708"]
[BlackElo "1548"]
[PlyCount "52"]
[EventDate "2009.??.??"]

1. e4 c5 2. Nf3 d6 3. d4 cxd4 4. Nxd4 g6 5. Nc3 Bg7 6. Bc4 Nf6 7. Be3 a6 8. f3
O-O 9. Qd2 Nc6 10. O-O-O b5 11. Nxc6 Qc7 12. Bd5 Bb7 13. Nd4 b4 14. Nce2 Nxd5
15. exd5 Bxd5 16. Kb1 Rfb8 17. Nf4 Bb7 18. Nb3 Rc8 19. Rc1 a5 20. Nd5 Bxd5 21.
Qxd5 a4 22. Na1 a3 23. Bd4 Ra5 24. Qe4 axb2 25. Rcd1 Bxd4 26. Nb3 Rxa2 0-1

[Event "Mechanics' Wilkerson Mem TNM; 30/90, SD"]
[Site "San Francisco"]
[Date "2009.08.04"]
[Round "2.6"]
[White "Hack, Richard"]
[Black "Traub, Igor"]
[Result "0-1"]
[WhiteElo "1708"]
[BlackElo "2074"]
[PlyCount "58"]
[EventDate "2009.??.??"]

1. e4 d5 2. exd5 Nf6 3. d4 Nxd5 4. c4 Nb6 5. Nc3 g6 6. Be3 Bg7 7. Qd2 O-O 8.
Nf3 Nc6 9. d5 Ne5 10. Nxe5 Bxe5 11. Bd4 Bxd4 12. Qxd4 e6 13. O-O-O exd5 14.
cxd5 Bf5 15. g4 Qg5+ 16. f4 Qxg4 17. Be2 Qh4 18. Bd3 c5 19. Qe3 Rfe8 20. Qg3
Qxg3 21. hxg3 Bg4 22. Rd2 Bf3 23. Bb5 Bxh1 24. Bxe8 Rxe8 25. Rd1 Bf3 26. Rd3
Bg4 27. d6 Bf5 28. Rd2 Re1+ 29. Nd1 Bg4 0-1

[Event "Mechanics' Fall TNM; 30/90, SD/30"]
[Site "San Francisco"]
[Date "2009.11.03"]
[Round "3.31"]
[White "Hilliard, Michael"]
[Black "Allen, Tom"]
[Result "0-1"]
[WhiteElo "1467"]
[BlackElo "1550"]
[PlyCount "74"]
[EventDate "2009.??.??"]

1. d4 d5 2. Nf3 Nc6 3. e3 Bg4 4. c4 e5 5. Qb3 Bxf3 6. Qxb7 dxc4 7. gxf3 Bb4+ 8.
Nc3 Nge7 9. Bd2 Rb8 10. Qa6 exd4 11. Ne4 f5 12. Ng5 Bxd2+ 13. Kd1 dxe3 14. Qxc4
e2+ 15. Bxe2 Bxg5+ 16. Ke1 Qd5 17. b3 O-O 18. Rd1 Qxc4 19. Bxc4+ Kh8 20. Rd7
Ne5 21. Rxc7 Nxc4 22. Rxc4 Rbd8 23. h4 Bf6 24. Rc7 a5 25. Rc5 Rd5 26. Rc7 Rfd8
27. Kf1 Rd1+ 28. Kg2 Rxh1 29. Kxh1 Bxh4 30. Kg2 Bf6 31. Ra7 Nc6 32. Rc7 Nb4 33.
a3 Nd5 34. Ra7 Bc3 35. Rb7 f4 36. Rb5 g5 37. Rb7 h5 0-1

[Event "Mechanics' Winter TNM; 30/90, SD/30"]
[Site "San Francisco"]
[Date "2009.01.13"]
[Round "2.20"]
[White "Hilliard, Michael"]
[Black "Askin, David"]
[Result "0-1"]
[WhiteElo "1437"]
[BlackElo "1714"]
[PlyCount "70"]
[EventDate "2009.??.??"]

1. d4 d5 2. Nf3 Nf6 3. e3 e6 4. Bd3 c5 5. c3 Nbd7 6. Nbd2 Bd6 7. O-O O-O 8. e4
cxd4 9. cxd4 dxe4 10. Nxe4 Nxe4 11. Bxe4 Nf6 12. Re1 Nxe4 13. Rxe4 b6 14. Qd3
Bb7 15. Rh4 g6 16. Rxh7 Kxh7 17. Ng5+ Kg7 18. Bd2 Be7 19. f4 Qd5 20. Nf3 Rh8
21. Bc3 Bf6 22. h3 Rad8 23. a3 Rd7 24. Rf1 Rhd8 25. Rf2 Qf5 26. Qe3 Bxf3 27.
Rxf3 Bxd4 28. Bxd4+ Rxd4 29. Qc3 Qc5 30. b4 Qxc3 31. Rxc3 R8d7 32. Rf3 Rd3 33.
Kf2 Rxf3+ 34. Kxf3 Rd3+ 35. Ke4 Rxa3 0-1

[Event "Mechanics' Summer TNM; 30/90, SD/30"]
[Site "San Francisco"]
[Date "2009.07.07"]
[Round "7.27"]
[White "Hilliard, Michael"]
[Black "Bertot, German"]
[Result "1/2-1/2"]
[WhiteElo "1400"]
[BlackElo "1561"]
[PlyCount "87"]
[EventDate "2009.??.??"]

1. d4 d5 2. Nf3 Nf6 3. e3 Bf5 4. c4 c6 5. Qb3 Qc7 6. cxd5 cxd5 7. Nc3 e6 8. Ne5
Nbd7 9. Bb5 Be7 10. Qa4 a6 11. Nxd7 Nxd7 12. Bxd7+ Qxd7 13. Qxd7+ Kxd7 14. O-O
Rac8 15. Bd2 Rc6 16. f3 Bd3 17. Rf2 Bf6 18. Be1 Bg5 19. f4 Be7 20. Rd1 Bf5 21.
h3 h5 22. Re2 Rhc8 23. e4 dxe4 24. d5 Bc5+ 25. Bf2 Bxf2+ 26. Kxf2 Rd6 27. dxe6+
Bxe6 28. Rxd6+ Kxd6 29. Rxe4 Rc4 30. Rxc4 Bxc4 31. g4 hxg4 32. hxg4 f6 33. Ke3
g5 34. Ke4 Be6 35. f5 Bd7 36. Kd4 Bc6 37. Ne4+ Bxe4 38. Kxe4 Kc5 39. b3 b5 40.
a3 a5 41. Kd3 Kd5 42. Ke3 Ke5 43. a4 bxa4 44. bxa4 1/2-1/2

[Event "Mechanics' Wilkerson Mem TNM; 30/90, SD"]
[Site "San Francisco"]
[Date "2009.08.18"]
[Round "3.18"]
[White "Hilliard, Michael"]
[Black "Dembling, Arthur"]
[Result "0-1"]
[WhiteElo "1400"]
[BlackElo "1733"]
[PlyCount "68"]
[EventDate "2009.??.??"]

1. d4 Nf6 2. Nf3 e6 3. e3 b6 4. Bd3 Bb7 5. O-O c5 6. c3 Nc6 7. Re1 Be7 8. Nbd2
O-O 9. Qe2 Qc8 10. b3 cxd4 11. exd4 Nd5 12. Bb2 Nf4 13. Bxh7+ Kxh7 14. Qe4+ Ng6
15. Ne5 Ncxe5 16. Qc2 Ng4 17. f3 Nf6 18. Nc4 Kg8 19. Rad1 d5 20. Ne5 Nxe5 21.
Rxe5 Bd6 22. Rg5 Bf4 23. Rg4 Nxg4 24. fxg4 Qc7 25. Rd3 Bxh2+ 26. Kh1 Bg3 27.
Rf3 g6 28. Qd3 Bf4 29. Rh3 Kg7 30. c4 Rh8 31. Kg1 Rxh3 32. Qxh3 Rh8 33. Qf3
Bh2+ 34. Kf1 Qf4 0-1

[Event "Mechanics' Fall TNM; 30/90, SD/30"]
[Site "San Francisco"]
[Date "2009.12.01"]
[Round "7.26"]
[White "Hilliard, Michael"]
[Black "Durig, Alex"]
[Result "1-0"]
[WhiteElo "1467"]
[BlackElo "1342"]
[PlyCount "83"]
[EventDate "2009.??.??"]

1. d4 g6 2. c4 e6 3. Nc3 d6 4. e4 c6 5. Nf3 Nd7 6. Bf4 Nb6 7. Be2 Qe7 8. O-O
Bg7 9. Qd2 Bd7 10. Rad1 f6 11. Bxd6 Qxd6 12. c5 Qc7 13. cxb6 Qxb6 14. e5 Bh6
15. Qc2 f5 16. Na4 Qd8 17. Nc5 Rb8 18. Qb3 Qc8 19. Bc4 Ke7 20. Qb4 Kf7 21. Rd3
Bf8 22. Qb3 h6 23. Rfd1 Ne7 24. Rc3 Nd5 25. Rc2 Be7 26. Bxd5 cxd5 27. Nxe6 Bc6
28. Nf4 Qd7 29. e6+ Qxe6 30. Nxe6 Kxe6 31. Re1+ Kf6 32. Rce2 Rhe8 33. Re6+ Kf7
34. Ne5+ Kxe6 35. Nxc6+ Kd6 36. Nxb8 Rxb8 37. Qb4+ Kc6 38. Rxe7 b6 39. Re6+ Kb7
40. Re7+ Ka8 41. Qd6 Rb7 42. Re8+ 1-0

[Event "Mechanics' Winter TNM; 30/90, SD/30"]
[Site "San Francisco"]
[Date "2009.02.24"]
[Round "8.26"]
[White "Hilliard, Michael"]
[Black "Frank, Robert"]
[Result "1/2-1/2"]
[WhiteElo "1437"]
[BlackElo "1247"]
[PlyCount "83"]
[EventDate "2009.??.??"]

1. d4 Nf6 2. c4 d5 3. cxd5 Nxd5 4. Nc3 Nxc3 5. bxc3 g6 6. e4 Bg7 7. f4 O-O 8.
Nf3 c5 9. Bc4 Nc6 10. O-O cxd4 11. cxd4 Nxd4 12. e5 Nxf3+ 13. Qxf3 Qd4+ 14. Be3
Qxc4 15. Rfc1 Qe6 16. Rc7 Re8 17. a4 a5 18. Rac1 Qb3 19. R1c4 Be6 20. Rd4 Rab8
21. h3 f5 22. Rc5 b6 23. Rb5 Qc2 24. Qd1 Qxd1+ 25. Rxd1 Bc4 26. Rb2 Rec8 27.
Rxb6 Rxb6 28. Bxb6 Ra8 29. Rd8+ Rxd8 30. Bxd8 e6 31. Bxa5 Bb3 32. Bb4 Bxa4 33.
h4 Bd1 34. Kf2 h6 35. g3 Bf8 36. Bxf8 Kxf8 37. Ke3 Ke7 38. Kd4 Kd7 39. Kc5 Kc7
40. Kb5 Be2+ 41. Kc5 Bf3 42. Kb5 1/2-1/2

[Event "Mechanics' Spring TNM; 30/90, SD/30"]
[Site "San Francisco"]
[Date "2009.04.07"]
[Round "4.28"]
[White "Hilliard, Michael"]
[Black "Frank, Robert"]
[Result "1-0"]
[WhiteElo "1402"]
[BlackElo "1296"]
[PlyCount "87"]
[EventDate "2009.??.??"]

1. d4 d5 2. Nf3 Nf6 3. e3 g6 4. Bd3 Bg7 5. Nbd2 O-O 6. O-O Bg4 7. c4 c6 8. Qb3
Qb6 9. Ne5 Be6 10. Ndf3 dxc4 11. Bxc4 Bxc4 12. Qxc4 Nbd7 13. b3 Nxe5 14. Nxe5
Qc7 15. f4 Rac8 16. Ba3 b5 17. Qc5 Rfe8 18. Rac1 Nd7 19. Qxc6 Bxe5 20. Qxb5 Qd8
21. Rxc8 Qxc8 22. fxe5 f6 23. Rc1 Qd8 24. Qd5+ Kg7 25. e6 Nf8 26. Qxd8 Rxd8 27.
Bxe7 Re8 28. Bxf8+ Kxf8 29. d5 Re7 30. b4 f5 31. b5 Rb7 32. a4 Ke7 33. Rc6 g5
34. g3 g4 35. Kg2 Kf6 36. Rc4 h5 37. Rc2 Ke5 38. Rd2 Kd6 39. Kf2 Rc7 40. e4
fxe4 41. Ke3 Rc4 42. Rd4 Rc2 43. Rxe4 Rc5 44. e7 1-0

[Event "Mechanics' Summer TNM; 30/90, SD/30"]
[Site "San Francisco"]
[Date "2009.06.09"]
[Round "3.21"]
[White "Hilliard, Michael"]
[Black "Luke, Gary"]
[Result "1-0"]
[WhiteElo "1400"]
[BlackElo "1800"]
[PlyCount "50"]
[EventDate "2009.??.??"]

1. d4 d5 2. Nf3 Bf5 3. e3 Nf6 4. c4 Nbd7 5. Qb3 c6 6. Qxb7 Bxb1 7. Rxb1 Rb8 8.
Qa6 Qc7 9. Bd2 e6 10. Bd3 Bd6 11. O-O Ne4 12. Ba5 Nb6 13. g3 Bxg3 14. fxg3 Nxg3
15. Rf2 Ne4 16. Rg2 f6 17. c5 Kf7 18. Bc2 e5 19. Qf1 exd4 20. exd4 Qf4 21. Bxe4
dxe4 22. Ne5+ fxe5 23. Rf2 Nd5 24. Bd2 Qf6 25. Bg5 Qxf2+ {B time exp} 1-0